LIBRARY & INFORMATION CENTRE, KCAET, TAVANUR

ONLINE PUBLIC ACCESS CATALOGUE (OPAC)

Development of a machine vision system to identify matured pepper spikes (Record no. 17380)

MARC details
000 -LEADER
fixed length control field 00495nam a22001577a 4500
003 - CONTROL NUMBER IDENTIFIER
control field OSt
082 ## - DEWEY DECIMAL CLASSIFICATION NUMBER
Classification number 631.3
Item number MEE/DE
088 ## - REPORT NUMBER
Report number T 500
100 ## - MAIN ENTRY--AUTHOR NAME
Personal name Meera T
245 ## - TITLE STATEMENT
Title Development of a machine vision system to identify matured pepper spikes
260 ## - PUBLICATION, DISTRIBUTION, ETC. (IMPRINT)
Place of publication Tavanur
Name of publisher Department of Farm machinery and Power Engineering
Year of publication 2020
300 ## - PHYSICAL DESCRIPTION
Number of Pages 100
700 ## - ADDED ENTRY--PERSONAL NAME
Personal name Sindhu Bhaskar (guide)
856 ## - ELECTRONIC LOCATION AND ACCESS
Uniform Resource Identifier https://drive.google.com/file/d/1mMUy7zXjaxUkThSGWYyHJP_vEJn0HDst/view?usp=sharing
942 ## - ADDED ENTRY ELEMENTS (KOHA)
Koha item type Theses
Holdings
Collection code Home library Current library Shelving location Full call number Accession Number Koha item type Public note
Reference KAUAET KAUAET Reference 631.3 MEE/DE T 500 Theses M.Tech Thesis
free website counter